| 000 | 00490nam a2200181Ia 4500 | ||
|---|---|---|---|
| 001 | 59114 | ||
| 008 | 140520s9999 xx 000 0 und d | ||
| 020 | _a9788131512777 | ||
| 040 | _cPK-LaUMT | ||
| 082 |
_a 519.536 _bKLE-A |
||
| 100 | _aKleinbaum, David G. | ||
| 245 |
_aApplied regression analysis _cKleinbaum, David G.<>Kupper, Lawrence L. |
||
| 260 |
_aNew Delhi,India: _bCengage Learning, _c2009 |
||
| 300 | _a704 p. | ||
| 546 | _aEN | ||
| 700 | _aKupper, Lawrence L. | ||
| 942 | _cBK | ||
| 999 |
_c56442 _d56442 |
||